Los frutales tropicales en los subtrópicos: aguacate, mango, litchi y longan
Gardado en:
| Autor Principal: | |
|---|---|
| Formato: | Libro |
| Idioma: | Lingua castelá |
| Publicado: |
Madrid
Mundi-Prensa
1990
|
| Subjects: | |
| Tags: |
Engadir etiqueta
Sen Etiquetas, Sexa o primeiro en etiquetar este rexistro!
|
MARC
| LEADER | 00000nam a2200000 a 4500 | ||
|---|---|---|---|
| 001 | UCY0010 | ||
| 003 | CL-VaPUC | ||
| 008 | 940706e19900000SP |||||||||||||||||spa|d | ||
| 082 | 0 | 4 | |a 634.6 |b GAL |2 21 |
| 100 | |a Galán Sauco, Victor |e author |9 327571 | ||
| 245 | 1 | 4 | |a Los frutales tropicales en los subtrópicos: aguacate, mango, litchi y longan |
| 300 | |a 133 p | ||
| 942 | |c BK | ||
| 945 | |d 19940706 00:00:00 |a mfernand | ||
| 260 | |a Madrid |b Mundi-Prensa |c 1990 | ||
| 650 | 7 | |a FRUTAS TROPICALES |2 CL-VaPUC |9 264444 | |
| 650 | 0 | |a Paltas (Aguacates) |9 264279 | |
| 650 | 0 | |a Palto (Persea Americana Mill) |9 264436 | |
| 650 | 7 | |a MANGO PLANTA |2 CL-VaPUC |9 327572 | |
| 650 | 0 | |a Árboles frutales |9 264297 | |
| 651 | 7 | |a REGIONES TROPICALES |2 CL-VaPUC |9 327573 | |
| 583 | |a last modification |c 19940706 00:00:00 |k Rodrigo Vera | ||
| 999 | |c 229112 |d 229110 | ||
| 952 | |0 0 |1 1 |2 ddc |4 0 |6 634_600000000000000_GAL_1990 |7 0 |8 A |9 229727 |a BIBAGR |b BIBAGR |d 2019-11-15 |i 299285K |o 634.6 GAL 1990 |p 299285K |r 2019-11-15 |w 2019-11-15 |y BK |k AGR | ||